O podporu ekologickej produkcie farmári nejavia záujem

Farmári na Slovensku neprejavili záujem získať peniaze na jedno z opatrení SAPARD - výrobné postupy smerujúce k ochrane životného prostredia. SAPARD vychádza z plánu rozvoja agrosektora a vidieka (deväť opatrení). Pilotný nezáujem. Strach o odbyt. Nefungovanie kompenzácií. Metodické príručky.

Uložené v:
Podrobná bibliografia
Hlavný autor: Začková, Katarína
Médium: Kapitola
Jazyk:Slovak
Predmet:
Tagy: Pridať tag
Žiadne tagy, Buďte prvý, kto otaguje tento záznam!

MARC

LEADER 00000naa a2200000 4500
001 r049398
005 20230921115116.9
041 0 |a slo 
044 |a SK 
245 1 0 |a O podporu ekologickej produkcie farmári nejavia záujem  |c Katarína Začková 
520 |a Farmári na Slovensku neprejavili záujem získať peniaze na jedno z opatrení SAPARD - výrobné postupy smerujúce k ochrane životného prostredia. SAPARD vychádza z plánu rozvoja agrosektora a vidieka (deväť opatrení). Pilotný nezáujem. Strach o odbyt. Nefungovanie kompenzácií. Metodické príručky. 
610 2 0 |a poľnohospodárstvo 
610 2 0 |a produkcia 
610 2 0 |a ekológia 
610 2 0 |a ochrana prostredia životného 
610 2 0 |a odbyt 
610 2 0 |a financie 
610 2 0 |a SAPARD 
100 1 |a Začková, Katarína